Estatísticas para Bandeiras da América do Norte e do Sul

Clique aqui para jogar o quiz

Estatísticas Gerais

  • Esse quiz foi jogado 9 492 vezes
  • A pontuação média é 22 de 35

Estatísticas das Respostas

Resposta% Correto
Brasil
99%
Canadá
99%
Estados Unidos
99%
México
98%
Jamaica
95%
Argentina
94%
Uruguai
91%
Colômbia
91%
Venezuela
89%
Equador
83%
Chile
81%
Cuba
76%
Panamá
71%
Honduras
67%
Paraguai
67%
Peru
65%
Barbados
60%
Costa Rica
59%
Guatemala
56%
República Dominicana
56%
El Salvador
53%
Nicarágua
53%
Trinidad e Tobago
51%
Bolívia
50%
Haiti
47%
Bahamas
46%
Suriname
44%
Guiana
43%
Belize
41%
Santa Lúcia
41%
Antígua e Barbuda
39%
Granada
35%
Dominica
33%
São Vicente e Granadinas
30%
São Cristóvão e Nevis
29%

Distribuição das Pontuações

Percentil de Números Respondidos

Porcentagem de Pessoas com Cada Pontuação

Sua Pontuação Histórica

Você não jogou esse quiz